| 000 | 00416nab a2200145Ia 4500 | ||
|---|---|---|---|
| 003 | ES-SlBCS | ||
| 005 | 20210601142037.0 | ||
| 008 | 140529s1954 xxu||||| |||| 00| 0 spa d | ||
| 041 | _aspa | ||
| 100 | 1 |
_aCilleruelo, Lope _959039 |
|
| 245 | 0 | 0 |
_aLa memoria sui _c Lope Cilleruelo |
| 600 | 0 | 4 |
_aAgustín, San _9126082 |
| 773 | 0 |
_tGiornali di Metafisica _gvol. 9, nº. 4-5, 1954, págs. 478-492 _w0017-0372 |
|
| 942 | _cAR | ||
| 999 |
_c670643 _d670643 |
||